LEADER 01584nam a2200373 a 4500 001 000000153473 003 CaOOAMICUS 005 20160905112520.0 008 160905m20169999it u000 u ita r 020 $a978-88-598-8132-31* 032 $aLibriCat 040 $aPUL$bita 082 14$a344.4501 245 00$aDiritto del lavoro /$cFranco Carinci ... [et al.]. 250 $a9.ed. 260 $aTorino :$bUTET Giuridica,$c©2016- 300 $av. ;$c24 cm 504 $aBibliografia in nota. 505 1 $aV. 2. Il rapporto di lavoro subordinato / con la collaborazione di Marina Brollo, Piera Campanella e Fiorella Lunardon 650 4$aDiritto del lavoro$zItalia.$0(OLS)http://pul/subject/2593 700 1 $aCarinci, Franco.$0(OLS)http://pul/name/29410 700 1 $aBrollo, Marina.$0(OLS)http://pul/name/44525 700 1 $aCampanella, Piera.$0(OLS)http://pul/name/86153 700 1 $aLunardon, Fiorella.$0(OLS)http://pul/name/71513 740 32$aIl rapporto di lavoro subordinato. 850 $aPUL 852 $aPUL$W1$xSL Diritto e Scienze Sociali 3$y79$m344. 4501 CARFR 3$j176706$qDDC 21$B179376$CPULBib$Z2$F179376 $H128109 $81 941 1 $a9 996 $6020$a978-88-598-8132-31*$9(OLS)http://pul/number/160873 996 $6082$a344.4501$9(OLS)http://pul/classification/1851 996 $6245$aDiritto del lavoro$9(OLS)http://pul/title/53432 996 $6740$aIl rapporto di lavoro subordinato$9(OLS)http://pul/title/158399 996 $6260$aTorino :$bUTET Giuridica$9(OLS)http://pul/publisher/79191 LEADER 01286nam a2200313 u 4500 001 000000056068 003 CaOOAMICUS 005 20070226120431.0 008 010328s1980 it u000 u ita u 035 $a10870441 040 $aPUL(R)$bita 041 1 $aita$heng 100 1 $aPasserin d'Entrèves, Alessandro,$d1902-1985.$0(OLS)http://pul/name/18401 240 10$aNatural Law.$lItaliano.$0(OLS)http://pul/title/75018 245 13$aLa dottrina del diritto naturale /$cAlessandro Passerin d'Entrèves. 250 $a3. ed. ampliata. 260 $aMilano :$bEdizioni di Comunità,$c1980. 300 $a196 p. ;$c23 cm 490 1 $aDiritto e cultura moderna ;$v22 500 $aRiferimenti bibliografici nelle note. 650 4$aFilosofia del diritto.$0(OLS)http://pul/subject/620 830 0$aDiritto e cultura moderna ;$v22.$0(OLS)http://pul/title/52788 850 $aPUL 852 $aPUL$W1$xSL Diritto e Scienze Sociali 1$y4$m237 D 61$j73611$nBK-PRI$b $qStampati$B73611$CPULBib$Z2$F73611 $H $81 941 1 $a8 960 $aDiritto$xFilosofia$9620 961 $aINV: 48178 996 $6245$aLa dottrina del diritto naturale$9(OLS)http://pul/title/75019 996 $6260$aMilano :$bEdizioni di Comunità$9(OLS)http://pul/publisher/48252